[Event "Titled Tuesday intern op 03rd Jan Late"]
[Site "Chess.com INT"]
[Date "2025.06.03"]
[Round "8"]
[White "Yevchenko, Alexander"]
[Black "Mafra, Kaiser Luiz"]
[Result "1-0"]
[WhiteElo "2276"]
[BlackElo "2094"]
[PlyCount "93"]
[EventDate "2025.06.03"]
[EventType "swiss (blitz)"]
[EventRounds "11"]
[EventCountry "USA"]
[SourceTitle "CB24_2025"]
[SourceDate "2025.06.11"]
[SourceVersion "1"]
[SourceVersionDate "2025.06.11"]
[SourceQuality "1"]

1. c4 e5 2. Nc3 d5 3. cxd5 c6 4. dxc6 Nxc6 5. e3 Nf6 6. a3 Bc5 7. d3 0-0 8. Nf3 Qe7 9. Be2 Rd8 10. Qc2 Bf5 11. b4 Bxb4 12. axb4 Nxb4 13. Qb3 Nxd3+ 14. Bxd3 Bxd3 15. Ba3 Qc7 16. Rc1 Ng4 17. h3 Nf6 18. Nd2 Qa5 19. Bb4 Qb6 20. Be7 Rd7 21. Qxb6 axb6 22. Bxf6 gxf6 23. Nde4 Kg7 24. f3 f5 25. Nd2 Rc8 26. Na2 Ra8 27. Nb4 Bb5 28. g4 Ra3 29. Nc2 Rad3 30. Rh2 Ba4 31. Re2 fxg4 32. hxg4 Rc7 33. Ne4 Bxc2 34. Rcxc2 Rxc2 35. Rxc2 Rxe3+ 36. Kf2 Rb3 37. Rc7 b5 38. Rxb7 Rb2+ 39. Kg3 b4 40. Nd6 b3 41. Nxf7 Kf6 42. Nd6 Rb1 43. Ne4+ Kg6 44. Rb6+ Kg7 45. Kg2 b2 46. Nf2 Ra1 47. Rxb2 1-0

[Event "Titled Tuesday intern op 06th May Early"]
[Site "Chess.com INT"]
[Date "2025.05.06"]
[Round "1"]
[White "Palczert, Matyas"]
[Black "Yevchenko, Alexander"]
[Result "1-0"]
[WhiteElo "2404"]
[BlackElo "2276"]
[PlyCount "79"]
[EventDate "2025.05.06"]
[EventType "swiss (blitz)"]
[EventRounds "11"]
[EventCountry "USA"]
[SourceTitle "CB20_2025"]
[SourceDate "2025.05.14"]
[SourceVersion "1"]
[SourceVersionDate "2025.05.14"]
[SourceQuality "1"]

1. b3 e5 2. Bb2 Nc6 3. c4 Nf6 4. e3 d5 5. cxd5 Nxd5 6. a3 Be7 7. Qc2 0-0 8. d3 Be6 9. Be2 Qd7 10. Nf3 f6 11. 0-0 Rad8 12. Nbd2 Kh8 13. Rac1 Rfe8 14. b4 a6 15. Ne4 Bg4 16. Rfd1 h6 17. h3 Bxf3 18. Bxf3 f5 19. Nc5 Bxc5 20. Qxc5 Nde7 21. Bxe5 Nxe5 22. Qxe5 c6 23. Qg3 Nd5 24. e4 Nf6 25. Qf4 fxe4 26. dxe4 Qe6 27. Qc7 Rxd1+ 28. Rxd1 Re7 29. Qb8+ Kh7 30. Qf4 Qb3 31. Qf5+ Kg8 32. Rd8+ Re8 33. Rxe8+ Nxe8 34. Qc8 Qf7 35. Bg4 Kh7 36. e5 Qe7 37. Bf5+ g6 38. Bd7 Ng7 39. e6 b6 40. Qxc6 1-0

[Event "Titled Tuesday intern op 01st Apr Late"]
[Site "Chess.com INT"]
[Date "2025.04.01"]
[Round "11"]
[White "Estrada Nieto, Julian"]
[Black "Yevchenko, Alexander"]
[Result "1/2-1/2"]
[WhiteElo "2156"]
[BlackElo "2276"]
[PlyCount "130"]
[EventDate "2025.04.01"]
[EventType "swiss (blitz)"]
[EventRounds "11"]
[EventCountry "USA"]
[SourceTitle "CB21_2025"]
[SourceDate "2025.05.21"]
[SourceVersion "1"]
[SourceVersionDate "2025.05.21"]
[SourceQuality "1"]

1. e4 c5 2. Nf3 d6 3. d4 cxd4 4. Qxd4 Nc6 5. Bb5 Bd7 6. Bxc6 Bxc6 7. Nc3 e6 8. Bg5 Nf6 9. 0-0-0 Be7 10. Rhe1 0-0 11. Bxf6 Bxf6 12. Qxd6 Qb6 13. e5 Rad8 14. Qa3 Rxd1+ 15. Nxd1 Bd8 16. Ne3 f6 17. Qb3 Qxb3 18. axb3 Bxf3 19. gxf3 fxe5 20. Nc4 Bg5+ 21. Kd1 Bf4 22. Nxe5 Bxh2 23. Nd3 Kf7 24. Rh1 Bd6 25. Rxh7 Kg6 26. Rh4 Rxf3 27. Ke2 Rf5 28. c4 Kf6 29. b4 a6 30. c5 Bc7 31. Rh8 Ke7 32. Rh7 Rg5 33. Kf3 Kd7 34. Ke4 Kc6 35. b3 Rg4+ 36. Kf3 Rg5 37. Ke4 Rg4+ 38. f4 g5 39. Rh6 Bxf4 40. Rxe6+ Kd7 41. Kf5 Rg3 42. Nxf4 gxf4 43. Rb6 Kc7 44. Kxf4 Rxb3 45. Ke4 Rb1 46. Kd4 Rd1+ 47. Kc4 Rc1+ 48. Kd3 Rd1+ 49. Kc2 Rh1 50. Rg6 Rh2+ 51. Kc3 Rh3+ 52. Kc4 Rh4+ 53. Kb3 Rh3+ 54. Ka4 Rh1 55. Rg7+ Kc6 56. Rg6+ Kc7 57. Rg7+ Kc6 58. Rg8 Ra1+ 59. Kb3 Rb1+ 60. Kc4 Rc1+ 61. Kb3 Rb1+ 62. Kc3 Rc1+ 63. Kd2 Rb1 64. Kc3 Rc1+ 65. Kb3 Rb1+ 1/2-1/2

[Event "Titled Tuesday intern op 01st Apr Early"]
[Site "Chess.com INT"]
[Date "2025.04.01"]
[Round "11"]
[White "Mirza, Diana"]
[Black "Yevchenko, Alexander"]
[Result "0-1"]
[WhiteElo "1965"]
[BlackElo "2276"]
[PlyCount "48"]
[EventDate "2025.04.01"]
[EventType "swiss (blitz)"]
[EventRounds "11"]
[EventCountry "USA"]
[SourceTitle "CB15_2025"]
[SourceDate "2025.04.09"]
[SourceVersion "1"]
[SourceVersionDate "2025.04.09"]
[SourceQuality "1"]

1. d4 Nf6 2. Nf3 d5 3. e3 c5 4. b3 Nc6 5. Bb2 e6 6. a3 Be7 7. Ne5 0-0 8. Bd3 cxd4 9. exd4 Ne4 10. 0-0 f5 11. Nd2 Bd6 12. Ndf3 Qc7 13. Qe2 b6 14. Nxc6 Qxc6 15. Ne5 Qc7 16. f4 a5 17. Rf3 Qe7 18. Rh3 Bxe5 19. dxe5 h6 20. Qh5 Qc5+ 21. Kh1 Nf2+ 22. Kg1 Nxh3+ 23. Kh1 Qg1+ 24. Rxg1 Nf2# 0-1

[Event "Titled Tuesday intern op 18th Mar Late"]
[Site "Chess.com INT"]
[Date "2025.03.18"]
[Round "4"]
[White "Petersson, Kjell"]
[Black "Yevchenko, Alexander"]
[Result "0-1"]
[WhiteElo "2066"]
[BlackElo "2276"]
[PlyCount "120"]
[EventDate "2025.03.18"]
[EventType "swiss (blitz)"]
[EventRounds "11"]
[EventCountry "USA"]
[SourceTitle "CB13_2025"]
[SourceDate "2025.03.26"]
[SourceVersion "1"]
[SourceVersionDate "2025.03.26"]
[SourceQuality "1"]

1. d4 Nf6 2. Bf4 d5 3. e3 c5 4. Nd2 Nc6 5. c3 Bf5 6. Qb3 Qc8 7. Ngf3 c4 8. Qd1 h6 9. b3 cxb3 10. axb3 e6 11. Bb5 Be7 12. Ne5 0-0 13. Bxc6 bxc6 14. b4 Ne4 15. Nxe4 Bxe4 16. f3 Bf5 17. 0-0 f6 18. Nd3 Qd8 19. Ra6 Qc8 20. Qa4 Bxd3 21. Rxc6 Qd7 22. Rd1 Be2 23. Re1 Bc4 24. Ra1 a6 25. Rxa6 Qxa4 26. R6xa4 Rxa4 27. Rxa4 Rd8 28. Kf2 Rd7 29. Ke1 Kf7 30. Kd2 Rb7 31. Ra8 Rd7 32. h4 Bd6 33. Bxd6 Rxd6 34. Ra7+ Kg6 35. g4 h5 36. gxh5+ Kh6 37. f4 Bf1 38. Kc2 Bb5 39. Kb3 Rd7 40. Ra5 Rb7 41. Kc2 Kxh5 42. Ra8 Kxh4 43. Rh8+ Kg4 44. Rh1 Kf3 45. Re1 Kf2 46. Ra1 Kxe3 47. Rg1 Kxf4 48. Re1 e5 49. dxe5 fxe5 50. Kb3 Bc4+ 51. Kc2 e4 52. Kd2 g5 53. Rh1 g4 54. Rg1 g3 55. Ke1 Kf3 56. Rh1 Ra7 57. Rh8 Ra1+ 58. Kd2 Ra2+ 59. Kc1 g2 60. Rf8+ Ke3 0-1

[Event "Titled Tuesday intern op 18th Mar Late"]
[Site "Chess.com INT"]
[Date "2025.03.18"]
[Round "3"]
[White "Yevchenko, Alexander"]
[Black "Zieba, Hubert"]
[Result "0-1"]
[WhiteElo "2276"]
[BlackElo "2232"]
[PlyCount "106"]
[EventDate "2025.03.18"]
[EventType "swiss (blitz)"]
[EventRounds "11"]
[EventCountry "USA"]
[SourceTitle "CB13_2025"]
[SourceDate "2025.03.26"]
[SourceVersion "1"]
[SourceVersionDate "2025.03.26"]
[SourceQuality "1"]

1. c4 c5 2. Nf3 Nf6 3. d4 cxd4 4. Nxd4 Nc6 5. Nc3 g6 6. e4 d6 7. Be2 Nxd4 8. Qxd4 Bg7 9. Qd1 0-0 10. 0-0 Qa5 11. Be3 Be6 12. Rc1 Rfc8 13. b3 a6 14. f3 b5 15. Nd5 Bxd5 16. exd5 bxc4 17. Bxc4 Nd7 18. Qe2 Nb6 19. Rfd1 Nxc4 20. bxc4 Rab8 21. Rc2 Bf6 22. h3 Qa4 23. Kh1 Rb4 24. Bd4 Rbxc4 25. Rxc4 Qxc4 26. Qxc4 Rxc4 27. Bxf6 exf6 28. Rd3 Ra4 29. a3 f5 30. Kh2 Kg7 31. Kg3 f4+ 32. Kf2 Kf6 33. g3 Ke5 34. gxf4+ Rxf4 35. Ke3 Rh4 36. Ke2 Rd4 37. Re3+ Kxd5 38. Re7 Rf4 39. Ra7 Rh4 40. Rxa6 Rxh3 41. Ra7 f5 42. a4 f4 43. a5 g5 44. a6 Rh2+ 45. Kd3 Rf2 46. Rxh7 Rxf3+ 47. Ke2 Ra3 48. a7 g4 49. Rg7 g3 50. Kf1 Ke4 51. Kg2 Ra2+ 52. Kh3 Kf3 53. Kh4 g2 0-1

[Event "Titled Tuesday intern op 11th Mar Late"]
[Site "Chess.com INT"]
[Date "2025.03.11"]
[Round "1"]
[White "Boci, Mateo"]
[Black "Yevchenko, Alexander"]
[Result "1-0"]
[WhiteElo "2312"]
[BlackElo "2276"]
[PlyCount "103"]
[EventDate "2025.03.11"]
[EventType "swiss (blitz)"]
[EventRounds "11"]
[EventCountry "USA"]
[SourceTitle "CB12_2025"]
[SourceDate "2025.03.19"]
[SourceVersion "1"]
[SourceVersionDate "2025.03.19"]
[SourceQuality "1"]

1. e4 c5 2. Nf3 d6 3. d4 Nf6 4. dxc5 Nxe4 5. cxd6 Qxd6 6. Bd3 Nc5 7. Bb5+ Bd7 8. Qxd6 exd6 9. Bxd7+ Nbxd7 10. 0-0 0-0-0 11. Bf4 Ne6 12. Bg3 d5 13. Nc3 Nf6 14. Rad1 Bc5 15. Bh4 d4 16. Bxf6 gxf6 17. Ne4 Be7 18. Ng3 Rd5 19. c4 Rd7 20. Nf5 Bc5 21. b4 Bxb4 22. N3xd4 Rhd8 23. Nxe6 fxe6 24. Ne3 Rxd1 25. Rxd1 Rxd1+ 26. Nxd1 Kc7 27. Kf1 Kc6 28. Ke2 Kc5 29. Kd3 b5 30. cxb5 Kxb5 31. Nb2 Bd6 32. g3 a6 33. Nc4 Bc7 34. Nd2 f5 35. Nf3 Kc5 36. Ng5 Kd6 37. Nxh7 Bb6 38. f3 Ke7 39. Ng5 Bg1 40. h3 Bf2 41. g4 fxg4 42. hxg4 Bh4 43. Ne4 a5 44. Kc4 Be1 45. Kb5 e5 46. Nc5 Kf6 47. Nb3 Kg5 48. Nxa5 Kf4 49. Nc4 Kxf3 50. g5 Kf4 51. g6 e4 52. g7 1-0

[Event "Titled Tuesday intern op 11th Mar Late"]
[Site "Chess.com INT"]
[Date "2025.03.11"]
[Round "9"]
[White "Demchenko, Yaroslav"]
[Black "Yevchenko, Alexander"]
[Result "1-0"]
[WhiteElo "2201"]
[BlackElo "2276"]
[PlyCount "99"]
[EventDate "2025.03.11"]
[EventType "swiss (blitz)"]
[EventRounds "11"]
[EventCountry "USA"]
[SourceTitle "CB12_2025"]
[SourceDate "2025.03.19"]
[SourceVersion "1"]
[SourceVersionDate "2025.03.19"]
[SourceQuality "1"]

1. Nf3 d5 2. e3 Nf6 3. c4 e6 4. b3 Be7 5. Bb2 0-0 6. Be2 b6 7. 0-0 Bb7 8. cxd5 exd5 9. d4 Nbd7 10. Nbd2 Re8 11. Ne5 c5 12. f4 Rc8 13. Rf3 a6 14. Rg3 g6 15. Qf1 b5 16. f5 c4 17. fxg6 fxg6 18. Qf5 Nf8 19. Rc1 cxb3 20. axb3 Rxc1+ 21. Bxc1 Bc8 22. Qf4 Ne6 23. Qh6 Bf8 24. Qh4 Bg7 25. Ba3 Ne4 26. Qxd8 Nxd8 27. Nxe4 Bxe5 28. dxe5 dxe4 29. h4 Rxe5 30. h5 Bf5 31. Bb2 Rd5 32. Bf6 Nf7 33. Kf2 Rd2 34. Bc3 Rc2 35. Bd4 Rc8 36. Bg4 Bxg4 37. Rxg4 Rc6 38. Rxe4 Ng5 39. Re8+ Kf7 40. Ra8 gxh5 41. Ra7+ Kg6 42. Rg7+ Kf5 43. Re7 Ne4+ 44. Kg1 Rc1+ 45. Kh2 Ng5 46. Re5+ Kg6 47. Rd5 Rc2 48. Rd6+ Kf5 49. Rf6+ Kg4 50. Rf4# 1-0